Academic Encounters Human Behavior Reading, Study, Skills, Writing

Enregistré dans:
Détails bibliographiques
Auteur principal: Seal, Bernard
Format: Livre
Langue:anglais
Publié: Cambridge University Press 1998
Sujets:
Accès en ligne:Voir à l'OPAC
Tags: Ajouter un tag
Pas de tags, Soyez le premier à ajouter un tag!

MARC

LEADER 00000nam a2200000 a 4500
005 20260127134403.0
008 080911 2008 an 000 0 eng d
020 |a 0521476585 
035 |a vtls009332690 
039 9 |y 200809110824  |z mschk03 
040 |a STUSCHK1  |b slo  |c STUSCHK1  |e AACR2 
080 |a 802.0 
100 1 |a Seal, Bernard 
245 1 |a Academic Encounters Human Behavior  |b Reading, Study, Skills, Writing  |c Bernard Seal 
260 |a Cambridge  |b University Press  |c 1998 
300 |a xx, 220 p.  |b ill.  |c 25 cm 
650 0 |a English language 
650 0 |a Human behavior 
910 |a SCHK95 
919 |a 0-521-47658-5 
999 |c 11521  |d 11521